Inspections and reports on dwellings (Record no. 115820)

MARC details
000 -LEADER
fixed length control field 01415cam a22003135a 4500
001 - CONTROL NUMBER
control field L159344
008 - FIXED-LENGTH DATA ELEMENTS--GENERAL INFORMATION
fixed length control field 160915s2016 xxk f 001 0 eng d
020 ## - INTERNATIONAL STANDARD BOOK NUMBER
International Standard Book Number 9780080971315
035 ## - SYSTEM CONTROL NUMBER
System control number (Sirsi) u159344
041 0# - LANGUAGE CODE
Language code of text/sound track or separate title eng
050 04 - LIBRARY OF CONGRESS CALL NUMBER
Classification number 690.2 $2 18
100 1# - MAIN ENTRY--PERSONAL NAME
Personal name Santo, Philip
245 00 - TITLE STATEMENT
Title Inspections and reports on dwellings
Remainder of title inspecting
250 ## - EDITION STATEMENT
Edition statement 2 ed
260 ## - PUBLICATION, DISTRIBUTION, ETC.
Place of publication, distribution, etc. London
Name of publisher, distributor, etc. Routledge
Date of publication, distribution, etc. 2016
300 ## - PHYSICAL DESCRIPTION
Extent 540p
Other physical details ill, tables
Dimensions 25cm
490 #0 - SERIES STATEMENT
Series statement Inspections and reports on dwellings
520 ## - SUMMARY, ETC.
Summary, etc. One of a series of three books dealing with independent professional inspections and reports on dwellings. Deals with aspects of inspecting including factors affecting the exterior and the interior of buildings and services plus, the surroundings including garages, conservatories and outbuildings and gardens and boundaries. Concludes with an overview of risks and legal matters. Explains the three levels of home surveys available: Level 1 RICS Condition Report, Level 2 RICS HomeBuyer Report and Level 3 RICS Building Survey.
520 ## - SUMMARY, ETC.
Summary, etc. Supersedes 1st ed ISBN 0728204487
650 24 - SUBJECT ADDED ENTRY--TOPICAL TERM
Topical term or geographic name entry element INSPECTIONS
650 24 - SUBJECT ADDED ENTRY--TOPICAL TERM
Topical term or geographic name entry element HOME SURVEYS
650 24 - SUBJECT ADDED ENTRY--TOPICAL TERM
Topical term or geographic name entry element CONDITION REPORT
650 24 - SUBJECT ADDED ENTRY--TOPICAL TERM
Topical term or geographic name entry element HOMEBUYER REPORT (SURVEY) 2016
650 24 - SUBJECT ADDED ENTRY--TOPICAL TERM
Topical term or geographic name entry element HOMEBUYER REPORT (SURVEY AND VALUATION) 2016
650 24 - SUBJECT ADDED ENTRY--TOPICAL TERM
Topical term or geographic name entry element BUILDING SURVEY
651 #4 - SUBJECT ADDED ENTRY--GEOGRAPHIC NAME
Geographic name England and Wales
Chronological subdivision 1543-
690 ## - LOCAL SUBJECT ADDED ENTRY--TOPICAL TERM (OCLC, RLIN)
Topical term or geographic name as entry element Survey reports
9 (RLIN) 6270
942 ## - ADDED ENTRY ELEMENTS (KOHA)
Suppress in OPAC 0
Holdings
Withdrawn status Lost status Source of classification or shelving scheme Damaged status Not for loan Home library Current library Shelving location Date acquired Total Checkouts Full call number Barcode Date last seen Copy number Price effective from Koha item type
    Dewey Decimal Classification     London London Books 15/09/2016   690.2 SAN 30078302 06/08/2019 1 06/08/2019 Book